000 00690nam a2200241Ia 4500
003 OSt
005 20220924130858.0
006 a|||||r|||| 00| 0
007 ta
008 220923b |||||||| |||| 00| 0 hin d
024 _a13433
037 _cTextual
040 _aARTS
_cARTS
_bhin
041 _2hin
_ahin
082 _a/\2:864, 152L1 (P15)
100 _aJain Nemi Chandra ed
_9173275
245 0 _aLokaviyayantra with Hindi translation
260 _aVar5anasi
_bVir Seva Mandir Trust Prakashan
_c1971
300 _a9,105p.
_ccm.
650 _aSPIRurdALISM
942 _h/\2:864, 152L1 (P15)
_cTEXL
_2CC
999 _c425488
_d425488